Hint | Answer | % Correct |
---|---|---|
A Il•lustre geni torredà | Arnau Playà | 100%
|
Q(conté) El que se suposa que ha de donar feina a 3 de nosaltres | Arquitectura | 100%
|
B Efecte que va adoptar l'Ot durant 24h | Boomerang | 100%
|
C Ramader amb certa afecció a l'Ot i les seves vaques | Cal Poll | 100%
|
S Fotografiada furtivament | Capella Sixtina | 100%
|
D Regal comú, permeable | Documents | 100%
|
F Estat en el que es troba senyor Starkey | Fase Fum | 100%
|
G Lorca pertany | Generación del 27 | 100%
|
H Concurs que l'Ot va guanyar | Haiku | 100%
|
I Va deixar trejuvell torradet | Incendi | 100%
|
L(2) Prepotent picao incompetent | Larrosa | 100%
|
M(4) Pàgina web de encara més confiança | Marsipèdia | 100%
|
M Déu omnipresent | Mars Starkey | 100%
|
N Estat en que l'Ot usualment es troba | Neutral | 100%
|
O Li sobren antecedents penals | Ot | 100%
|
P(3) S'ha de salvar | Patrimoni | 100%
|
P Ídol, salvador. | Postius | 100%
|
R El Roger ho feia com un condemnat | Roncar | 100%
|
T(2) "Poble vallat" | Trejuvell | 100%
|
V Inexistent | Vilanoveta | 100%
|
W El que beuen a Cal Aiguader en l'idioma més dominat per l'Ot | Water | 100%
|
X Ho fa la Martells | Xupar pedres | 100%
|
Y Ens treu temps del Llorens | Ydey | 100%
|
E Tots la patim, però en diferents graus | Esquisofrènia | 83%
|
J Nom real de Cal Poll | Joan Besolí | 83%
|
L Gran grup emergent | Line4 | 83%
|
M(2) Frase universal | Melapele | 83%
|
M(3) Pàgina web de confiança | Miscojones33.com | 83%
|
K(conté) Afirmació | Okey | 83%
|
P(2) Especialista en dir la resposta de la lletra K | Potau | 83%
|
T Número màgic | Trenta-tres | 83%
|
Z Arquitecta de la qual el Roger es fan | Zaha Hadid | 83%
|
L(3) Recurs extremadament utilitzat per certa professora | Llicències | 67%
|
Copyright H Brothers Inc, 2008–2024
Contact Us | Go To Top | View Mobile Site